| 000 | 02421nam a2200421 i 4500 | ||
|---|---|---|---|
| 001 | ebr10861192 | ||
| 003 | CaPaEBR | ||
| 006 | m o d | ||
| 007 | cr cn||||||||| | ||
| 008 | 140505t20142014sz ob 101 0 eng d | ||
| 020 | _z9783037859704 | ||
| 020 | _a9783038263517 (e-book) | ||
| 040 |
_aCaPaEBR _beng _erda _epn _cCaPaEBR |
||
| 035 | _a(OCoLC)880458771 | ||
| 050 | 1 | 4 |
_aGE5 _b.P497 2014eb |
| 082 | 0 | 4 |
_a363.7 _223 |
| 245 | 0 | 0 |
_aPhysics and technology of nanostructured materials II : _bselected, peer reviewed papers from the Second Asia Conference on Physics and Technology of Nanostructured Materials (ASCO-Nanomat 2013), August 20-27, 2013, Vladivostok, Russia / _cedited by Nikolay Galkin. |
| 264 | 1 |
_aDurnten-Zurich, Switzerland : _bTrans Tech Publications, _c2014. |
|
| 264 | 2 |
_aDurnten-Zurich, Switzerland ; _aEnfield, New Hampshire : _bdistributed worldwide by Trans Tech Publications, _c[date of distribution not identified] |
|
| 264 | 4 | _c�2014 | |
| 300 | _a1 online resource (246 pages). | ||
| 336 |
_atext _2rdacontent |
||
| 337 |
_acomputer _2rdamedia |
||
| 338 |
_aonline resource _2rdacarrier |
||
| 490 | 1 |
_aSolid State Phenomena, _x1662-9779 ; _vVolume 213 |
|
| 504 | _aIncludes bibliographical references at the end of each chapters and indexes. | ||
| 588 | _aDescription based on online resource; title from PDF title page (ebrary, viewed May 2, 2014). | ||
| 590 | _aElectronic reproduction. Palo Alto, Calif. : ebrary, 2014. Available via World Wide Web. Access may be limited to ebrary affiliated libraries. | ||
| 650 | 0 |
_aEnvironmental sciences _vCongresses. |
|
| 650 | 0 |
_aGreen technology _vCongresses. |
|
| 650 | 0 |
_aEcological engineering _vCongresses. |
|
| 655 | 0 | _aElectronic books. | |
| 700 | 1 |
_aGalkin, Nikolay, _eeditor. |
|
| 776 | 0 | 8 |
_iPrint version: _tPhysics and technology of nanostructured materials II : selected, peer reviewed papers from the Second Asia Conference on Physics and Technology of Nanostructured Materials (ASCO-Nanomat 2013), August 20-27, 2013, Vladivostok, Russia. _dDurnten-Zurich, Switzerland : Trans Tech Publications, c2014 _h237 pages _kSolid State Phenomena _x1662-9779 _z9783037859704 |
| 797 | 2 | _aebrary. | |
| 830 | 0 |
_aDiffusion and defect data. _nPt. B, _pSolid state phenomena ; _vVolume 213. |
|
| 856 | 4 | 0 |
_uhttp://site.ebrary.com/lib/rucke/Doc?id=10861192 _zAn electronic book accessible through the World Wide Web; click to view |
| 999 |
_c204645 _d204645 |
||